LEADER 01676nam 2200361 n 450 001 996393127203316 005 20200824121726.0 035 $a(CKB)4940000000110084 035 $a(EEBO)2240961324 035 $a(UnM)99866142e 035 $a(UnM)99866142 035 $a(EXLCZ)994940000000110084 100 $a19850807d1648 uy | 101 0 $aeng 135 $aurbn||||a|bb| 200 10$aClavis Bibliorum$b[electronic resource] =$eThe key of the Bible, unlocking the richest treasury of the Holy Scriptures. Whereby the 1 order, 2 names, 3 times, 4 penmen, 5 occasion, 6 scope, and 7 principall parts, containing the subject-matter of every book of Old and New Testament, are familiarly and briefly opened : for the help of the weakest capacity in the understanding of the whole Bible. /$fBy Francis Roberts, A.M. Pastor of the church at Augustines, London 210 $aLondon $cPrinted by T.R. and E.M. for George Calvert, and are to be sold at his shop at the signe of the Half-Moon in Watling-street, neer to Pauls stump$d1648 215 $a624 p. $c2 folded charts 300 $a"An epistle to the reader," signed by Edmund Calamy. 300 $aImperfect: Thomason copy ends with p. 336. 300 $aAnnotation on Thomason copy: "8ber [i.e. October] 2d". 300 $aReproduction of the original in the British Library. 330 $aeebo-0018 700 $aRoberts$b Francis$f1609-1675.$01002195 701 $aCalamy$b Edmund$f1600-1666.$01002065 801 0$bCu-RivES 801 1$bCu-RivES 801 2$bCStRLIN 801 2$bWaOLN 906 $aBOOK 912 $a996393127203316 996 $aClavis Bibliorum$92323698 997 $aUNISA LEADER 07179nam 22007575 450 001 9910743220503321 005 20251204105154.0 010 $a981-16-5755-6 010 $a981-16-5754-8 010 $a981-16-5755-6 024 7 $a10.1007/978-981-16-5755-9 035 $a(MiAaPQ)EBC6882515 035 $a(Au-PeEL)EBL6882515 035 $a(CKB)21069014400041 035 $a(BIP)83146788 035 $a(BIP)81078223 035 $a(DE-He213)978-981-16-5755-9 035 $a(EXLCZ)9921069014400041 100 $a20220204d2022 u| 0 101 0 $aeng 135 $aurcnu|||||||| 181 $ctxt$2rdacontent 182 $cc$2rdamedia 183 $acr$2rdacarrier 200 10$aEconomic and Societal Transformation in Pandemic-Trapped India $eEmerging Challenges and Resilient Policy Prescriptions /$fedited by Subrata Saha, Mukunda Mishra, Anil Bhuimali 205 $a1st ed. 2022. 210 1$aSingapore :$cSpringer Nature Singapore :$cImprint: Springer,$d2022. 215 $a1 online resource (513 pages) 225 1 $aNew Frontiers in Regional Science: Asian Perspectives,$x2199-5982 ;$v55 311 08$aPrint version: Saha, Subrata Economic and Societal Transformation in Pandemic-Trapped India Singapore : Springer Singapore Pte. Limited,c2022 9789811657542 327 $aChapter 1. India Gets through the Waves of the Pandemic: Public Policies and Self-Care Interventions on Health at the Crossroads -- Chapter 2. Sustainable Green Resilience and Globalization or De-Globalization in a Post-COVID World -- Chapter 3. Income Insecurity, GDP and the Future of Human Development: An Analysis for COVID-19 Period -- Chapter 4. Impact of COVID-19 and Responses to It: A Comparative Study of SAARC Countries in Light of Global Experiences -- Chapter 5.The COVID-19 Pandemic and Socio-spatial Inequality: A Study from the Metropolitan Area of Rio de Janeiro, Brazil -- Chapter 6. Women in Pandemic: The Realities of the COVID-19 in the Darjeeling Himalayan Region -- Chapter 7. Exacerbated Digital Education Divide and the Marginalized: Experiences from India -- Chapter 8. Human Resource Management during the Pandemic Period: Emerging Challenges for the Public Sector Employees in India -- Chapter 9. Pandemic Outbreak and the Future of Poverty and Inequality Scenario: Indian Perspective -- Chapter 10. Healthcare Expenditure and Economic Development Dynamics in India: Lesson from Recent Pandemic -- Chapter 11. Mapping linkages between the Agriculture sector, Informal economy and Inequality amid Pandemic -- Chapter 12. Impact of COVID-19 Pandemic on Informal Labour Market in India -- Chapter 13. New Pandemic in India: Emerging Challenges to Governance and Responses to Overcome -- Chapter 14. Employment Dynamics and Labour Mobility amidst COVID-19 Pandemic in India: A Critical Appraisal of ILO Recommendations. Chapter 15. India?s Tryst with the Second Wave of COVID-19: Politics and Policies at the Crossroads -- Chapter 16. Beekeeping Livelihood at Stake amidst the Pandemic Outbreaks: A Study on the Migratory Beekeepers in West Bengal -- Chapter 17. Struggle of Apiculture Sector in West Bengal, India during COVID-19 Pandemic: Analysing the Demand and Supply Sides -- Chapter 18. The Importance of Public Expenditure on Crop Production and Exports in India: An EconometricAnalysis in the Pandemic Trapped Era -- Chapter 19. A Study on the Impact of COVID-19 on Indian MSMEs -- Chapter 20. Indian Tourism Sector Under Siege of the COVID-19 Pandemic -- Chapter 21. Invasion of the Pandemic in Indian Economy and the Government: A General Equilibrium Approach -- Chapter 22. Rural Livelihood Options during the Pandemic in India: Finding Avenues for Revival -- Chapter 23. COVID-19 and Lockdown: Key Constraints & Surviving Strategies for the Micro, Small and Medium Enterprises (MSMEs) -- Chapter 24. Where Classical Ends, Keynes Proceeds: Arguments under the Perspective of Reviving India from the Impact of COVID-19. 330 $aThis book acquaints the reader with the critical changes in India?s economy and society amidst the unprecedented pandemic outbreak of COVID-19, which has been devastating by breaking all prior records of illness and fatality. The present crisis is shown to be more than an acute health hazard as it carries with it other threats associated with the economy, society, culture, psychology, and politics. The dynamic driving forces that have a significant bearing on life, space, and time are explored, providing a basis on which social scientists can understand the prevailing equations and project the unforeseen future to contribute to a policymaking mechanism. The Indian scenario presented here takes into account how the COVID-19-induced lockdown of transport services, closing of factories, and restrictions on mobilization have caused the economy to face a recession, affecting mostly the unorganized sector. Travel restrictions and quarantines affecting hundreds of millions of people haveleft Indian factories short of labour, causing havoc in the production system. Semi-skilled jobholders have lost their employment, and the country has witnessed the plight of large pools of migrant labourers returning on foot to their homelands hundreds of miles away with their families and belongings. Contributors to this volume are drawn from diverse disciplines, displaying the solidarity of academic knowledge in a physically divided world. This common platform is provided to the practitioners of relevant academic disciplines under the umbrella of regional sciences ? a forum for the exchange of ideas that may be effective in the sustainable management of the crisis and a way forward after it is mitigated. Thought-provoking discussions regarding different facets of the crisis are relevant not only to the current times but also to being prepared for the unforeseen post-COVID economic and societal order. 410 0$aNew Frontiers in Regional Science: Asian Perspectives,$x2199-5982 ;$v55 606 $aRegional economics 606 $aSpace in economics 606 $aEconomic development 606 $aEconomic history 606 $aEconomic geography 606 $aGeography 606 $aRegional and Spatial Economics 606 $aEconomic Development, Innovation and Growth 606 $aEconomy-wide Country Studies 606 $aEconomic Geography 606 $aRegional Geography 615 0$aRegional economics. 615 0$aSpace in economics. 615 0$aEconomic development. 615 0$aEconomic history. 615 0$aEconomic geography. 615 0$aGeography. 615 14$aRegional and Spatial Economics. 615 24$aEconomic Development, Innovation and Growth. 615 24$aEconomy-wide Country Studies. 615 24$aEconomic Geography. 615 24$aRegional Geography. 676 $a994.230049915 702 $aMishra$b Mukunda 702 $aBhuimali$b Anil 702 $aSaha$b Subrata 801 0$bMiAaPQ 801 1$bMiAaPQ 801 2$bMiAaPQ 906 $aBOOK 912 $a9910743220503321 996 $aEconomic and societal transformation in pandemic-trapped India$93560247 997 $aUNINA